000 00651nam a2200217 a 4500
999 _c2644
_d2644
001 2644
003 BD-JhCC
005 20171109133257.0
008 171105s1961 bg |||| ||a| 000 0 ben d
035 _a(BD-JhCC) 2644
040 _aBD-JhCC
_dBD-JhCC
041 _aben
082 _a891.4435
_bSHA 1961
100 _aশাকুর, আবদুশ
245 _aক্ষীয়মাণ /
_cআবদুশ শাকুর
260 _aঢাকা :
_bচেতনা প্রকাশ ,
_bমাওলা ব্রাদার্স,
_c1961
300 _a144 p .:
_c22 cm .
650 _ashort stories
942 _2ddc
_cBK